00721nam a22002297a 45000010005000000030009000050050017000140080041000310200015000720200015000870400028001020820021001301000020001512450065001712500026002362600043002623000049003055040051003546500023004056500037004287000026004656520BD-DhUAP20201224142805.0201224s1999 nyua b 000 0 eng  a8185502692 a0395665922 aDLCcDLCdBD-DhUAPbeng00a658.8342 HOY223 aHoyer, Wayne D. aConsumer behavior /cWayne D. Hoyer and Deborah J. Maclnnis. aFirst Indian edition. aNew York : bHoughton mifflin,cc1999. axxviii, 675 pages :billustrations ;c24 cm. aIncludes bibliographical references and index. aConsumer behavior. aMotivation research (Marketing). aMaclnnis, Deborah J.